000 00675nam a22002297a 4500
001 38449
003 BD-RjUL
005 20211209052811.0
008 151207r19571936enk||||| |||| 00| 0 eng d
035 _a(BD-RjUL)38554
040 _aBD-RjUL
_beng
_cBD-RjUL
041 _aeng
082 _a574.5
_bNEP
100 _aNewbigin, Marion I.
_9118734
245 _aPlant and animal geography /
_cby Marion I. Newbigin
260 _aLondon :
_bMethuen & co.,
_cc1936 [Reprinted 1957, 1960]
300 _axv, 298 p. :
_billus., maps. ;
_c22 cm
500 _aWith 39 illustrations and maps.
650 _aBiogeography.
_9118733
650 _aEcology.
_9116926
942 _2ddc
_cBK
_04
999 _c38449
_d38449